000
00277nam a2200109Ia 4500
008
190216s9999||||xx |||||||||||||| ||und||
100
_a
Mithal G K
245
0
_a
Gate Electronics And Communication Engineering
260
_b
G K Publishers
_c
1997
300
_a
1000p
942
_c
REF
999
_c
36341
_d
36341